Transitional selves: Possibilities for identity in a plurified world (Record no. 1225654)

MARC details
000 -LEADER
fixed length control field 00633nam a2200217Ia 4500
005 - DATE AND TIME OF LATEST TRANSACTION
control field 20241129104400.0
008 - FIXED-LENGTH DATA ELEMENTS--GENERAL INFORMATION
fixed length control field 241129s9999||||xx |||||||||||||| ||und||
020 ## - INTERNATIONAL STANDARD BOOK NUMBER
International Standard Book Number 9781032644660
037 ## - SOURCE OF ACQUISITION
Stock number Textual
040 ## - CATALOGING SOURCE
Original cataloging agency RTL
Language of cataloging eng
Transcribing agency RTL
041 ## - LANGUAGE CODE
Language code of text/sound track or separate title eng
Source of code eng
084 ## - COLON CLASSIFICATION NUMBER
Classification number Y R4
Assigning agency RTL
100 ## - MAIN ENTRY--PERSONAL NAME
Personal name Bussey Marcus
9 (RLIN) 726136
245 #0 - TITLE STATEMENT
Title Transitional selves: Possibilities for identity in a plurified world
Statement of responsibility, etc. Bussey Marcus
260 ## - PUBLICATION, DISTRIBUTION, ETC.
Place of publication, distribution, etc. New York
Name of publisher, distributor, etc. Routledge Publishing
Date of publication, distribution, etc. 2024
300 ## - PHYSICAL DESCRIPTION
Extent xvi,311p.
365 ## - TRADE PRICE
Price type code INR
Price amount 1595
650 ## - SUBJECT ADDED ENTRY--TOPICAL TERM
Topical term or geographic name entry element Postmodern Identity
9 (RLIN) 726137
942 ## - ADDED ENTRY ELEMENTS (KOHA)
Koha item type Textbook
Classification part Y R4
Holdings
Withdrawn status Lost status Damaged status Not for loan Home library Current library Date acquired Source of acquisition Cost, normal purchase price Inventory number Total Checkouts Full call number Barcode Date last seen Price effective from Koha item type
        Ratan Tata Library Ratan Tata Library 2024-11-29 Excel Book International 1595.00 101 & 07/2/24   Y R4 RT1585119 2024-11-29 2024-11-29 Textbook
Copyright @ Delhi University Library System